000 00616nam a2200229Ia 4500
003 OSt
005 20220928140858.0
006 a|||||r|||| 00| 0
007 ta
008 220927b |||||||| |||| 00| 0 eng d
024 _a12251
037 _cTextual
040 _aSDCL
_cSDCL
_beng
041 _2eng
_aeng
082 _aD6,8(B289MYSQL), P4
100 _aZawodny Jeremy D
_9497986
245 0 _aHigh performance MySQL.
260 _c2004
700 _a Balling Derek J
_9497987
942 _hD6,8(B289MYSQL), P4
_cTEXL
_2CC
999 _c814660
_d814660